Composite technology : (Record no. 594834)

000 -LEADER
fixed length control field 00492nam a22001577a 4500
020 ## - INTERNATIONAL STANDARD BOOK NUMBER
International Standard Book Number 978-1-56990-825-9
082 ## - DEWEY DECIMAL CLASSIFICATION NUMBER
Classification number 620.118
Author Mark LEN
100 ## - MAIN ENTRY--PERSONAL NAME
Personal name Lengsfeld, Hauke
245 ## - TITLE STATEMENT
Title Composite technology :
Remainder of title Prepregs and Monolithic Part Fabrication Technologies /
Statement of responsibility, etc. Hauke Lengsfeld
250 ## - EDITION STATEMENT
Edition statement Second Edition
260 ## - PUBLICATION, DISTRIBUTION, ETC.
Place of publication, distribution, etc. Germany :
Name of publisher, distributor, etc. Hanser,
Date of publication, distribution, etc. 2021.
300 ## - PHYSICAL DESCRIPTION
Extent xxi, 245 p :
563 ## - BINDING INFORMATION
Binding note HB
700 ## - ADDED ENTRY--PERSONAL NAME
Personal name Javier Lacalle, Thomas Neumeyer, Volker Altstadt,
942 ## - ADDED ENTRY ELEMENTS (KOHA)
Source of classification or shelving scheme
Koha item type Book
700 ## - ADDED ENTRY--PERSONAL NAME
-- 112501
Holdings
Withdrawn status Lost status Source of classification or shelving scheme Damaged status Not for loan Permanent Location Current Location Shelving location Date acquired Total Checkouts Full call number Barcode Date last seen Price effective from Koha item type
          School of Mechanical & Manufacturing Engineering (SMME) School of Mechanical & Manufacturing Engineering (SMME) General Stacks 05/22/2023   620.118 LEN SMME- 4391 05/22/2023 05/22/2023 Book
© 2023 Central Library, National University of Sciences and Technology. All Rights Reserved.